| 000 | 01286cam a2200349 i 4500 | ||
|---|---|---|---|
| 001 | 31694 | ||
| 003 | Mx-PuUPA | ||
| 005 | 20251103130555.0 | ||
| 008 | 140415s2007 mx a gr 000 0 spa d | ||
| 020 | _a9789708104470 | ||
| 040 |
_aMx-PuUPA _bspa _cMx-PuUPA _dMx-PuUPA _erda |
||
| 041 | 1 |
_aspa _heng |
|
| 100 | 1 |
_aCovey, Sean, _d1964- _91455 _eautor |
|
| 240 | 1 | 4 |
_aThe choice is yours. _lEspañol |
| 245 | 1 | 3 |
_aLa decisión es tuya / _cSean Covey ; traducción, María Andrea Giovine |
| 246 | 1 | 4 |
_aLa decisión es tuya : _bguía de actividades para jóvenes. |
| 250 | _aPrimera edición | ||
| 264 | 1 |
_aMéxico, D.F. : _bRandom House Mondadori, _c©2007 |
|
| 300 |
_a77 páginas : _bilustraciones ; _c22 cm |
||
| 336 |
_2rdacontent _atexto _btxt |
||
| 336 |
_2rdacontent _aimagen fija _bsti |
||
| 337 |
_2rdamedia _asin medio _bn |
||
| 338 |
_2rdacarrier _avolumen _bnc |
||
| 650 | 7 |
_2armarc _aAdolescentes _xConduca (Ética) |
|
| 650 | 7 |
_2armarc _aAdolescencia _xToma de decisiones |
|
| 650 | 7 |
_2armarc _aÉxito en la adolescencia _xHabilidades pa la vida _vGuías |
|
| 700 | 1 |
_aGiovine, María Andrea, _etraductor |
|
| 765 | 0 |
_aCovey, Sean, 1964- _tThe choice is yours. |
|
| 942 |
_2ddc _cLI _h305.235 _iC8718 |
||
| 999 |
_c31694 _d31694 |
||